All Time NHL Goalscorers In Regular Season - Statistics

General Stats
  • This quiz has been taken 14 times
  • The average score is 9 of 10
Answer Stats
Goals Answer % Correct
741 Brett Hull
100%
801 Gordie Howe
100%
766 Jaromir Jagr
100%
690 Mario Lemieux
100%
894 Wayne Gretzky
100%
731 Marcel Dionne
83%
694 Mark Messier
83%
708 Mike Gartner
75%
717 Phil Esposito
75%
692 Steve Yzerman
75%
No matching quizzes found
Score Distribution
Percent of People with Each Score
Percentile by Number Answered
Your Score History
You have not taken this quiz